[Event "Kup Centralne Srbije"]
[Site "Vrnjacka Banja"]
[Date "2011.05.01"]
[Round "5"]
[White "Radosavljevic, Slobodan D"]
[Black "Sredojevic, Ivan"]
[Result "0-1"]
[BlackElo "2408"]
[EventDate "2011.03.02"]
[WhiteElo "2231"]

1.c4 e5 2.g3 Nc6 3.Bg2 Nf6 4.Nf3 g6 5.d4 exd4 6.Nxd4 Bg7 7.O-O O-O 8.Nc3
Ng4 9.e3 d6 10.b3 Nge5 11.Bb2 Re8 12.h3 Na5 13.Qc2 a6 14.Rad1 Bd7 15.Nd5
c6 16.Nc3 Qc7 17.Ne4 c5 18.Ne2 Bf5 19.Nf4 Nac6 20.Nd5 Qd8 21.f4 Bxe4 22.Bxe4
Nd7 23.Bxg7 Kxg7 24.Qc3+ Kg8 25.Bg2 Rb8 26.h4 Ne7 27.e4 Nxd5 28.cxd5 b5
29.Rfe1 b4 30.Qb2 Qc7 31.e5 c4 32.bxc4 dxe5 33.d6 Qxc4 34.fxe5 Qc5+ 35.Kh1
Rxe5 36.Rxe5 Nxe5 37.Rd5 Qc3 38.Qe2 f6 39.Rd1 Qxg3 40.d7 Rd8 41.Qxa6 Qxh4+
42.Kg1 Qg4   0-1

[Event "Kup Centralne Srbije"]
[Site "Vrnjacka Banja"]
[Date "2011.05.01"]
[Round "5"]
[White "Vratonjic, Slobo"]
[Black "Stefanovic, Vladimir"]
[Result "1/2-1/2"]
[BlackElo "2142"]
[EventDate "2011.03.02"]
[WhiteElo "2392"]

1.e4 c5 2.Nf3 g6 3.c3 Bg7 4.Bc4 Nf6 5.e5 Ng4 6.d4 d5 7.Bb5+ Nc6 8.h3 Nh6
9.dxc5 O-O 10.O-O Bf5 11.Bxc6 bxc6 12.Nd4 Bxb1 13.Rxb1 Nf5 14.Nxf5 gxf5
15.Qd4 Qa5 16.a3 Rab8 17.b4 Qa4 18.Bf4 e6 19.Rfe1 Rb7 20.Re3 Qxa3 21.Bg5
Qa2 22.Rd1 Qc4 23.Qxc4 dxc4 24.Ra1 f6 25.exf6 Bxf6 26.Bxf6 Rxf6 27.Ra6
Rc7 28.f4 Rg6 29.Kf2 h5 30.Rg3 Rxg3 31.Kxg3 Kf7 32.Kf2 e5 33.fxe5 Ke6 34.b5
Kxe5 35.b6 axb6 36.cxb6 Rb7 37.Kf3 h4 38.Ke3 c5 39.Kf3 Rb8 40.Ra5 Kd5 41.Rb5
Kc6 42.Rb2 Kb7 43.Kf4 Rg8 44.Ke5 Rg3 45.Rc2 Kxb6 46.Kd5 f4 47.Rb2+ Kc7
48.Kxc5 f3 49.gxf3 Rxf3 50.Kxc4   1/2-1/2

[Event "Kup Centralne Srbije"]
[Site "Vrnjacka Banja"]
[Date "2011.05.01"]
[Round "5"]
[White "Ivanovic, Zoran M"]
[Black "Rabrenovic, Vladan"]
[Result "0-1"]
[BlackElo "2393"]
[EventDate "2011.03.02"]
[WhiteElo "2134"]

1.e4 d6 2.d4 g6 3.Nc3 Bg7 4.Nf3 a6 5.a4 b6 6.Bc4 e6 7.Bg5 Qd7 8.O-O Bb7
9.Re1 h6 10.Be3 Ne7 11.Qd2 g5 12.d5 e5 13.h3 f5 14.exf5 Qxf5 15.Nh2 Nd7
16.Rad1 Qf7 17.Nf1 Ng6 18.Ng3 Nh4 19.Be2 Nf6 20.Nge4 Bc8 21.Nxf6+ Bxf6
22.Ne4 O-O 23.Ng3 Bd7 24.Bh5 Qg7 25.b3 b5 26.a5 Be7 27.Bg4 Nf5 28.Qd3 Qf7
29.Nxf5 Bxf5 30.Bxf5 Qxf5 31.f3 Kg7 32.Qxf5 Rxf5 33.Rd3 c5 34.dxc6 Rc8
35.c3 Rxc6 36.Bf2 Rf8 37.Red1 Rfc8 38.Be1 Kf7 39.Kf2 Ke6 40.Ke3 Bd8 41.b4
Be7 42.Kf2 Rc4 43.Ke2 Rd8 44.Rd5 h5 45.g4 Rh8 46.R5d3 hxg4 47.hxg4 Rh2+
48.Bf2 d5 49.Kf1 d4 50.cxd4 Bxb4 51.Kg1 Rxf2 52.Kxf2 exd4 53.Kg2   0-1

[Event "Kup Centralne Srbije"]
[Site "Vrnjacka Banja"]
[Date "2011.05.01"]
[Round "5"]
[White "Kojovic, Dragan"]
[Black "Nesic, Nebojsa"]
[Result "0-1"]
[BlackElo "2174"]
[EventDate "2011.03.02"]
[WhiteElo "2374"]

1.e4 e6 2.Qe2 Nc6 3.c3 e5 4.f4 exf4 5.d4 Qh4+ 6.Kd1 g5 7.g3 fxg3 8.Nf3 Qg4
9.h3 Qh5 10.Nxg5 Qxe2+ 11.Bxe2 h6 12.Nf3 Nf6 13.Nbd2 d6 14.Nh4 h5 15.Bd3
Rg8 16.Ng2 Bd7 17.Nf3 Be7 18.Bf4 O-O-O 19.d5 Nb8 20.Kc2 c6 21.c4 Na6 22.Rae1
cxd5 23.exd5 Nb4+ 24.Kc3 Nxd3 25.Kxd3 Bf5+ 26.Kd4 Rde8 27.Nfh4 Bh7 28.Rxe7
Rxe7 29.Bxd6 Re4+ 30.Kc3 Rxh4 31.Nxh4 Ne4+ 32.Kd4 Nxd6 33.Kc5 Kc7 34.b3
Be4 35.Rg1 g2 36.Kd4 Nf5+ 37.Kxe4 Nxh4 38.Kf4 Rg6   0-1

[Event "Kup Centralne Srbije"]
[Site "Vrnjacka Banja"]
[Date "2011.05.01"]
[Round "5"]
[White "Djukic, Zeljko"]
[Black "Blagojevic, Nebojsa"]
[Result "1-0"]
[BlackElo "2312"]
[EventDate "2011.03.02"]
[WhiteElo "2382"]

1.d4 d5 2.c4 c6 3.cxd5 cxd5 4.Nc3 Nc6 5.Bf4 Nf6 6.e3 a6 7.Bd3 e6 8.Nf3 Bd6
9.Bxd6 Qxd6 10.O-O b5 11.Qe2 O-O 12.e4 Qf4 13.e5 Ng4 14.g3 Qh6 15.h4 f6
16.exf6 Qxf6 17.Ng5 h5 18.Nh7 Qh6 19.Nxf8 Kxf8 20.Qf3+ Kg8 21.Ne2 Bd7 22.Qf4
Qxf4 23.gxf4 Kf7 24.Rad1 Ke7 25.f3 Nf6 26.Kf2 Rh8 27.Rg1 Ne8 28.Ke3 Kf6
29.Rg6+ Kf7 30.Rg5 Ne7 31.Rdg1 Rh6 32.R5g2 Rf6 33.Ng3 g6 34.Rc2 Nc6 35.Rc5
Nd6 36.b3 Ne8 37.Ne2 Nd6 38.Rgc1 Ne7 39.Rc7 Nef5+ 40.Kf2 Ke8 41.Ra7 Nxh4
42.Rxa6 Nhf5 43.a4 bxa4 44.bxa4 h4 45.a5 Rf7 46.Rxd6   1-0

[Event "Kup Centralne Srbije"]
[Site "Vrnjacka Banja"]
[Date "2011.05.01"]
[Round "5"]
[White "Mitrovic, Marjan"]
[Black "Mitrovic, Darko R"]
[Result "0-1"]
[BlackElo "2314"]
[EventDate "2011.03.02"]
[WhiteElo "2127"]

1.Nf3 Nf6 2.g3 d5 3.Bg2 c5 4.O-O Nc6 5.d4 cxd4 6.Nxd4 e5 7.Nxc6 bxc6 8.c4
Be7 9.Nc3 Be6 10.Qa4 O-O 11.Rd1 d4 12.Bxc6 Rc8 13.Nd5 Nxd5 14.cxd5 Bxd5
15.Bxd5 Qxd5 16.Qxa7 Bd6 17.Qd7 g6 18.Bg5 Rc7 19.e4 Rxd7 20.exd5 Rb8 21.b3
Kg7 22.Rdb1 Bb4 23.a3 Bc3 24.Ra2 Rxd5 25.Rc2 Ra5 26.Bc1 f5 27.b4 Ra7 28.Rb3
Kf6 29.Rbxc3 dxc3 30.Rxc3 Rd7 31.Be3 Ke6 32.Bc5 Rd1+ 33.Kg2 Kd5 34.a4 g5
35.a5 Ra8 36.Be3 f4 37.gxf4 gxf4 38.Bc1 Ke4 39.f3+ Kf5 40.Rc7 Rd4 41.Rf7+
Ke6 42.Rb7 Rc4 43.Ba3 Rc3 44.Rb6+ Kf5 45.a6 Rxa3 46.b5 Rg8+ 47.Kh3   0-1

[Event "Kup Centralne Srbije"]
[Site "Vrnjacka Banja"]
[Date "2011.05.01"]
[Round "5"]
[White "Djokic, Vladan"]
[Black "Mitrovic, Mikica"]
[Result "1-0"]
[BlackElo "1929"]
[EventDate "2011.03.02"]
[WhiteElo "2285"]

1.c4 g6 2.Nc3 Bg7 3.g3 Nf6 4.Bg2 d6 5.d4 O-O 6.Nf3 c6 7.O-O Nbd7 8.d5 c5
9.e4 Ng4 10.Bd2 Nge5 11.Nxe5 Nxe5 12.Qe2 h6 13.h3 f6 14.f4 Nf7 15.Kh2 e5
16.dxe6 Bxe6 17.Rad1 Bd7 18.Nd5 f5 19.Bc3 Bxc3 20.Nxc3 Re8 21.Qd2 Bc6 22.exf5
gxf5 23.Nd5 Re6 24.Qc2 Bxd5 25.Rxd5 Qe7 26.Rf2 Re8 27.Qxf5 Qf6 28.Qxf6
Rxf6 29.Rdd2 Nd8 30.Rfe2 Kf8 31.Bd5 b6 32.Kg2 a6 33.Kf3 h5 34.g4 hxg4+
35.hxg4 Nf7 36.Bxf7 Kxf7 37.Rxe8 Kxe8 38.g5 Rg6 39.Re2+ Kf7 40.Kg4 Re6
41.Rxe6 Kxe6 42.f5+ Kf7 43.Kf4 b5 44.b3 bxc4 45.bxc4 a5 46.Ke4 a4 47.Kd5
  1-0

[Event "Kup Centralne Srbije"]
[Site "Vrnjacka Banja"]
[Date "2011.05.01"]
[Round "5"]
[White "Delchev, Aleksander"]
[Black "Manic, Dragan"]
[Result "1-0"]
[BlackElo "2090"]
[EventDate "2011.03.02"]
[WhiteElo "2625"]

1.c4 Nf6 2.g3 e6 3.Bg2 c6 4.Nf3 d5 5.b3 Bd6 6.Bb2 Nbd7 7.Nc3 h5 8.Qc2 a5
9.Rc1 Nf8 10.e4 Ng6 11.cxd5 exd5 12.O-O h4 13.e5 hxg3 14.hxg3 Be6 15.exd6
Qxd6 16.Rfe1 Rh6 17.Na4 O-O-O 18.Qc5 Qxc5 19.Nxc5 Bg4 20.Ng5 Rf8 21.Nd3
Rh5 22.f4 Bf5 23.Nf2 Kd7 24.Ba3   1-0

[Event "Kup Centralne Srbije"]
[Site "Vrnjacka Banja"]
[Date "2011.05.01"]
[Round "5"]
[White "Nikolic, Sava N R"]
[Black "Krstic, Petar"]
[Result "0-1"]
[BlackElo "2324"]
[EventDate "2011.03.02"]
[WhiteElo "2080"]

1.e4 c5 2.Nf3 d6 3.d4 cxd4 4.Nxd4 Nf6 5.Nc3 Nc6 6.Be2 g6 7.Be3 Bg7 8.g4
d5 9.exd5 Nxd5 10.Nxd5 Qxd5 11.Bf3 Qa5+ 12.c3 O-O 13.Nxc6 bxc6 14.Qc1 Ba6
15.a4 Rab8 16.b4 Qe5 17.Ra3 f5 18.gxf5 gxf5 19.b5 f4 20.c4 cxb5 21.axb5
Bb7 22.Bxb7 Rxb7 23.O-O fxe3 24.Rxe3 Qf4 25.c5 Rxb5 26.Rxe7 Qg4+ 27.Kh1
Qf3+ 28.Kg1 Rb4 29.h3 Qxh3 30.Rxg7+ Kxg7 31.Qg5+ Kf7 32.Qd5+ Qe6 33.Qf3+
Kg8   0-1

[Event "Kup Centralne Srbije"]
[Site "Vrnjacka Banja"]
[Date "2011.05.01"]
[Round "5"]
[White "Nestorovic, Lazar"]
[Black "Tosic, Slobodan P"]
[Result "1-0"]
[BlackElo "2217"]
[EventDate "2011.03.02"]
[WhiteElo "2357"]

1.e4 e5 2.Nf3 Nc6 3.Bb5 f5 4.d3 Bc5 5.O-O fxe4 6.dxe4 d6 7.Qd3 Nf6 8.Qc4
Bd7 9.Nc3 a6 10.Bxc6 Bxc6 11.Nxe5 Bxf2+ 12.Rxf2 dxe5 13.Bg5 Qe7 14.Rd1
Rd8 15.Rxd8+ Kxd8 16.b4 Rf8 17.a4 h6 18.Be3 Ne8 19.Rd2+ Nd6 20.b5 axb5
21.axb5 Bd7 22.Qa4 Qf7 23.Rf2 Qe8 24.Qa8+ Bc8 25.b6 c6 26.Qb8   1-0

[Event "Kup Centralne Srbije"]
[Site "Vrnjacka Banja"]
[Date "2011.05.01"]
[Round "5"]
[White "Colovic, Dusan"]
[Black "Bura, Goran"]
[Result "1-0"]
[BlackElo "2191"]
[EventDate "2011.03.02"]
[WhiteElo "2362"]

1.d4 d5 2.Nc3 e6 3.Bf4 a6 4.e3 c5 5.Qf3 Nc6 6.O-O-O Nf6 7.g4 h6 8.h4 cxd4
9.exd4 Bb4 10.Nge2 g6 11.Bxh6 Rxh6 12.g5 Rh5 13.gxf6 Rf5 14.Qe3 Rxf6 15.h5
gxh5 16.Rxh5 Kd7 17.Qh3 Kc7 18.Rh8 Qe7 19.Bg2 Rf5 20.Qxf5 exf5 21.Nxd5+
Kd6 22.Nxe7 Kxe7 23.Nf4 Ba5 24.d5 Ne5 25.d6+ Kf6 26.Nh5+ Ke6 27.Bd5+  
1-0

[Event "Kup Centralne Srbije"]
[Site "Vrnjacka Banja"]
[Date "2011.05.01"]
[Round "5"]
[White "Arsenijevic, Ivan"]
[Black "Irizanin, Radoje"]
[Result "0-1"]
[BlackElo "2324"]
[EventDate "2011.03.02"]
[WhiteElo "2162"]

1.d4 Nf6 2.Nf3 e6 3.Bg5 c5 4.c3 cxd4 5.Nxd4 d5 6.e3 Be7 7.Bd3 O-O 8.O-O
Nc6 9.Nxc6 bxc6 10.Qc2 h6 11.Bf4 c5 12.c4 Bb7 13.Nc3 Rc8 14.cxd5 exd5 15.Rfd1
Qb6 16.Bf5 d4 17.Bxc8 Rxc8 18.Ne2 Nd5 19.exd4 Nxf4 20.Nxf4 Qf6 21.Qd2 Bd6
22.Nh5 Qg6 23.Ng3 cxd4 24.Qxd4 Bc5 25.Qd7 Qb6 26.Rd2 g6 27.Re1 Kg7 28.a3
a5 29.Kh1 Bxf2 30.Rf1 Rc7 31.Qd6 Qxd6 32.Rxd6   0-1

[Event "Kup Centralne Srbije"]
[Site "Vrnjacka Banja"]
[Date "2011.05.01"]
[Round "5"]
[White "Gavrilovic, Leonardo"]
[Black "Njegic, Vladimir"]
[Result "1-0"]
[BlackElo "2149"]
[EventDate "2011.03.02"]
[WhiteElo "2247"]

1.e4 e6 2.c4 c5 3.Nf3 Nc6 4.Nc3 a6 5.d4 cxd4 6.Nxd4 Qc7 7.Nxc6 dxc6 8.Be3
c5 9.f4 Bd7 10.Bd3 Ne7 11.O-O f5 12.exf5 Nxf5 13.Bxf5 exf5 14.Nd5 Qd6 15.b4
cxb4 16.c5 Qc6 17.Nxb4 Qe4 18.Re1 O-O-O 19.Bd4 Ba4 20.Qxa4 Qxd4+ 21.Kh1
Bxc5 22.Rac1 Kb8 23.Rc4 Qd6 24.Rb1 Bxb4 25.Rcxb4 Rd7 26.Rb6 Qd3 27.h3 Ka8
28.R1b3 Qf1+ 29.Kh2 Rhd8 30.R3b5 Ka7 31.Rb1 Qd3 32.Qa5   1-0

[Event "Kup Centralne Srbije"]
[Site "Vrnjacka Banja"]
[Date "2011.05.01"]
[Round "5"]
[White "Mickovic, Slavisa"]
[Black "Mirkovic, Stevan"]
[Result "1/2-1/2"]
[BlackElo "2237"]
[EventDate "2011.03.02"]
[WhiteElo "2097"]

1.Nf3 d5 2.d4 Nf6 3.c4 dxc4 4.Nc3 e6 5.e3 a6 6.Bxc4 c5 7.O-O Nc6 8.dxc5
Qxd1 9.Rxd1 Bxc5 10.a3 b5 11.Bd3 Bb7 12.b4 Be7 13.Bb2 O-O 14.Ne4 Rac8 15.Nxf6+
Bxf6 16.Bxf6 gxf6 17.Be4 Nd8 18.Bxb7 Nxb7 19.Rd7 Rb8 20.Rc1 Rfd8 21.Rd4
e5 22.Rxd8+ Rxd8 23.g4 Rd3 24.g5 e4 25.Nd4 fxg5 26.Nf5 h5 27.Rc6 a5 28.Rb6
axb4 29.axb4 Nd8 30.Rxb5 Nc6 31.Nd4 Nxd4 32.Rxg5+ Kh7 33.exd4 Rxd4 34.Rxh5+
Kg6 35.Rb5 f5 36.h4 Rd2 37.Rc5 Rb2 38.b5 Kh5 39.Rxf5+ Kxh4 40.Rf4+ Kh3
41.Kf1 Rxb5 42.Rxe4 Rb2   1/2-1/2

[Event "Kup Centralne Srbije"]
[Site "Vrnjacka Banja"]
[Date "2011.05.01"]
[Round "5"]
[White "Devetak, Dusan"]
[Black "Djurovic, Radenko"]
[Result "1/2-1/2"]
[BlackElo "2125"]
[EventDate "2011.03.02"]
[WhiteElo "2220"]

1.e4 e6 2.d4 d5 3.Nc3 dxe4 4.Nxe4 Nd7 5.Nf3 Ngf6 6.Nxf6+ Nxf6 7.Bg5 Be7
8.Bd3 Nd5 9.Bxe7 Qxe7 10.O-O Nf4 11.Bc4 O-O 12.Qd2 Qf6 13.Rfe1 b6 14.Bf1
Bb7 15.Qe3 Rad8 16.Rad1 Nh3+ 17.Kh1 Bxf3 18.gxf3 Nf4 19.Qe5 Rd5 20.Qxf6
gxf6 21.Re4 e5 22.Rde1 Ng6 23.dxe5 fxe5 24.Bd3 f6 25.Rb4 c6 26.a4 a6  
1/2-1/2

[Event "Kup Centralne Srbije"]
[Site "Vrnjacka Banja"]
[Date "2011.05.01"]
[Round "5"]
[White "Cvetic, Milan"]
[Black "Dodic, Dragan"]
[Result "1/2-1/2"]
[BlackElo "2142"]
[EventDate "2011.03.02"]
[WhiteElo "2051"]

1.e4 c6 2.d4 d5 3.Nc3 dxe4 4.Nxe4 Nd7 5.Bd3 Ngf6 6.c3 Nxe4 7.Bxe4 Nf6 8.Bf3
Bf5 9.Ne2 e6 10.O-O h6 11.Ng3 Bg6 12.Re1 Bd6 13.Qe2 Qc7 14.c4 O-O 15.Bd2
a5 16.c5 Bf4 17.Be3 Rfd8 18.Rad1 Nd5 19.Bh5 Nxe3 20.fxe3 Bxg3 21.hxg3 Bxh5
22.Qxh5 Qxg3 23.Qe2 Rd5 24.e4 Rd7 25.Rd3 Qg6 26.Qf2 Qf6 27.Qe3 Rad8 28.e5
Qg5 29.Qf2 Qg4 30.Red1 h5 31.R1d2 h4 32.Kh2 f5 33.exf6 Rf7 34.Rf3 gxf6
35.Rxf6 Rdf8 36.Rxf7 Rxf7 37.Qe3 Rf4 38.Qh3 Qxh3+ 39.Kxh3 Kf7   1/2-1/2

[Event "Kup Centralne Srbije"]
[Site "Vrnjacka Banja"]
[Date "2011.05.01"]
[Round "5"]
[White "Tadic, Radovan"]
[Black "Dragic, Vladimir"]
[Result "1/2-1/2"]
[BlackElo "2181"]
[EventDate "2011.03.02"]
[WhiteElo "1895"]

1.e4 d6 2.d4 Nf6 3.Nc3 c6 4.Bd3 e5 5.Nge2 Be7 6.h3 O-O 7.O-O b5 8.a3 a6
9.dxe5 dxe5 10.Ng3 Nbd7 11.Qf3 Nc5 12.Be2 Qc7 13.Nf5 Bxf5 14.Qxf5 Ne6 15.Be3
g6 16.Qf3 Nd4 17.Bxd4 exd4 18.Nb1 Qe5 19.Nd2 c5 20.b3 Nh5 21.Rfe1 Bg5 22.Rad1
Rae8 23.Bd3 Qc7 24.Qe2 Qa5 25.Nf3 Nf4 26.Qf1 Bh6 27.a4 Rb8 28.axb5 axb5
29.Ra1 Qc3 30.Ne5 Rb7 31.g3 Ne6 32.Ng4 Bg7 33.e5 c4 34.Be4 Rc7 35.bxc4
bxc4 36.Qe2 Rfc8 37.Rad1 Rd7 38.Nf6+ Bxf6 39.exf6 d3 40.cxd3 cxd3 41.Qe3
Qxf6 42.Rxd3 Rxd3 43.Bxd3   1/2-1/2

[Event "Kup Centralne Srbije"]
[Site "Vrnjacka Banja"]
[Date "2011.05.01"]
[Round "5"]
[White "Panic, Nenad"]
[Black "Knezevic, Ilija"]
[Result "1-0"]
[BlackElo "2185"]
[EventDate "2011.03.02"]
[WhiteElo "2349"]

1.d4 d5 2.Nf3 c6 3.Bf4 Nf6 4.e3 Bf5 5.Nbd2 e6 6.Ne5 Nbd7 7.g4 Nxe5 8.gxf5
Ned7 9.fxe6 fxe6 10.Nf3 Be7 11.Bh3 Nf8 12.Rg1 Rg8 13.c3 Bd6 14.Be5 Qe7
15.Qb3 O-O-O 16.c4 Kb8 17.Bxd6+ Qxd6 18.Ne5 Re8 19.O-O-O N8d7 20.f4 Ne4
21.Bg2 Ndf6 22.h4 Qc7 23.Bf3 g6 24.c5 Ka8 25.Rg2 Rb8 26.Qa4 Rgf8 27.Rd3
Nd7 28.Qxa7+   1-0

[Event "Kup Centralne Srbije"]
[Site "Vrnjacka Banja"]
[Date "2011.05.01"]
[Round "5"]
[White "Milosevic, Sinisa"]
[Black "Jovanovic, Bojan P"]
[Result "0-1"]
[BlackElo "2184"]
[EventDate "2011.03.02"]
[WhiteElo "2001"]

1.d4 e6 2.c4 f5 3.g3 Nf6 4.Bg2 Be7 5.Nh3 O-O 6.O-O d6 7.Qb3 c6 8.Nc3 h6
9.Nf4 Kh7 10.Nd3 Qb6 11.Qxb6 axb6 12.Be3 Ng4 13.Bd2 e5 14.dxe5 Nxe5 15.Nxe5
dxe5 16.a3 Be6 17.b3 Rxa3 18.Rxa3 Bxa3 19.Ra1 Bb4 20.Ra4 Na6 21.Nb1 Bxd2
22.Nxd2 Rd8 23.Ra2 Nb4 24.Rb2 Kg6 25.Kf1 Ra8 26.e4 Nd3 27.Rb1 Ra2 28.Ke2
Nxf2 29.Rf1 Nxe4 30.Bxe4 fxe4 31.Rf8 b5 32.Ke3 bxc4 33.bxc4 Bf5 34.Rd8
Ra3+ 35.Ke2 e3 36.Nf3 Bg4 37.Rf8 e4   0-1

[Event "Kup Centralne Srbije"]
[Site "Vrnjacka Banja"]
[Date "2011.05.01"]
[Round "5"]
[White "Popovic, Predrag R"]
[Black "Urosevic, Dejan"]
[Result "1-0"]
[BlackElo "1942"]
[EventDate "2011.03.02"]
[WhiteElo "2278"]

1.d4 d5 2.c4 e6 3.Nc3 Nf6 4.Bg5 c6 5.e3 Nbd7 6.Nf3 Be7 7.cxd5 exd5 8.Bd3
O-O 9.O-O Re8 10.a3 a5 11.Qc2 Nf8 12.Rab1 h6 13.Bh4 g5 14.Bg3 Nh5 15.Ne2
Nxg3 16.Nxg3 Bd6 17.Nf5 Bxf5 18.Bxf5 Qf6 19.b4 axb4 20.axb4 Ne6 21.b5 Rec8
22.Bg4 Ra5 23.bxc6 bxc6 24.Rb6 h5 25.Bxh5 Nf8 26.Rb7 Rc7 27.Rxc7 Bxc7 28.Rc1
c5 29.dxc5 Ne6 30.c6 Nc5 31.Nd4 Ne4 32.g3 Nd6 33.Bf3 Qe5   1-0

[Event "Kup Centralne Srbije"]
[Site "Vrnjacka Banja"]
[Date "2011.05.01"]
[Round "5"]
[White "Marcetic, Predrag"]
[Black "Milanovic, Slavisa"]
[Result "1-0"]
[BlackElo "2417"]
[EventDate "2011.03.02"]
[WhiteElo "2214"]

1.e4 e6 2.d4 d5 3.Nd2 c5 4.Ngf3 cxd4 5.exd5 Qxd5 6.Bc4 Qd6 7.O-O Nf6 8.Nb3
Nc6 9.Nbxd4 Nxd4 10.Nxd4 a6 11.Re1 Qc7 12.Qe2 Bd6 13.Bg5 O-O 14.g3 Nd7
15.Rad1 Nc5 16.c3 b5 17.Bd3 Nxd3 18.Qxd3 Bb7 19.Kf1 h6 20.Bc1 Rfd8 21.Qe2
Bd5 22.Qg4 Kh7 23.a3 Rf8 24.Bf4 Qc4+ 25.Kg1 Be7 26.Qe2 Qc8 27.Nf5 Bf6 28.Nd6
Qc6 29.Ne4 Be7 30.f3 f6 31.Kg2 Kg8 32.Nf2 e5 33.Bc1   1-0

[Event "Kup Centralne Srbije"]
[Site "Vrnjacka Banja"]
[Date "2011.05.01"]
[Round "5"]
[White "Sandic, Vladeta"]
[Black "Bezarevic, Branko"]
[Result "1/2-1/2"]
[BlackElo "2201"]
[EventDate "2011.03.02"]
[WhiteElo "2332"]

1.d4 Nf6 2.c4 e6 3.Nc3 d5 4.cxd5 exd5 5.Bg5 Be7 6.e3 Nbd7 7.Bd3 O-O 8.Nf3
c6 9.Qc2 Re8 10.O-O Nf8 11.Rae1 Ne4 12.Bxe7 Qxe7 13.Bxe4 dxe4 14.Nd2 f5
15.f3 exf3 16.Nxf3 Ng6 17.e4 f4 18.Kh1 Bg4 19.d5 Bxf3 20.gxf3 Rac8 21.Qf2
b6 22.Rd1 Ne5 23.dxc6 Rxc6 24.Nd5 Qf7 25.Rd2 Rec8 26.Qh4 Ng6 27.Qg5 h6
28.Qh5 Kh7 29.Rg1 Rc2 30.Rdg2 Rxg2 31.Rxg2   1/2-1/2

[Event "Kup Centralne Srbije"]
[Site "Vrnjacka Banja"]
[Date "2011.05.01"]
[Round "5"]
[White "Vasic, Vladimir"]
[Black "Nikolic, Dragovan"]
[Result "1-0"]
[BlackElo "2272"]
[EventDate "2011.03.02"]
[WhiteElo "2180"]

1.e4 c5 2.Nf3 Nc6 3.d4 cxd4 4.Nxd4 g6 5.c4 Bg7 6.Be3 Nf6 7.Nc3 O-O 8.Be2
d6 9.h3 Bd7 10.Qd2 Nxd4 11.Bxd4 Bc6 12.Bf3 a5 13.O-O a4 14.Rfd1 Qa5 15.Rac1
Rfc8 16.Be3 Nd7 17.Bg5 f5 18.exf5 gxf5 19.Be2 Ne5 20.Bh6 Ng6 21.Bxg7 Kxg7
22.Qd4+ Qe5 23.Qxe5+ Nxe5 24.Nd5 Bxd5 25.Rxd5 Kf6 26.f4 Nf7 27.Rb5 Rc7
28.g4 fxg4 29.hxg4 e5 30.Rf1 Kg7 31.Kg2 Re8 32.f5 Ra8 33.Rh1 h6 34.Kf3
Kf6 35.Ke3 Ra7 36.Rb4 Ra5 37.Bf3 Ra7 38.Bd5 Kg7 39.Kd3 Nd8 40.f6+ Kg6 41.Rf1
Nf7 42.Rb6 Rd7 43.Rf5 h5 44.Rxh5 Kxf6 45.Rf5+ Kg6 46.Bxf7+ Rxf7 47.Rxe5
Rd7   1-0

[Event "Kup Centralne Srbije"]
[Site "Vrnjacka Banja"]
[Date "2011.05.01"]
[Round "5"]
[White "Vuckovic, Branko"]
[Black "Mijanovic, Dragan"]
[Result "1-0"]
[BlackElo "2106"]
[EventDate "2011.03.02"]
[WhiteElo "2251"]

1.e4 c6 2.c4 d5 3.cxd5 cxd5 4.exd5 Qxd5 5.Nc3 Qa5 6.Bc4 Nf6 7.Nf3 Nc6 8.O-O
Bg4 9.Qb3 Nd8 10.Nd4 Rc8 11.Re1 Qc5 12.Bb5+ Bd7 13.Nf3 Nc6 14.d4 Nxd4 15.Bxd7+
Nxd7 16.Nxd4 Qxd4 17.Nb5 Qb6 18.Be3 Nc5 19.Qc4 a6 20.Nd4 e5 21.Nb3 Qe6
22.Rac1 Qxc4 23.Rxc4 b6 24.Bxc5 bxc5 25.Rxe5+ Kd7 26.Nxc5+ Bxc5 27.Rcxc5
Rhe8 28.Red5+ Ke6 29.g3 Rxc5 30.Rxc5 Kd7 31.Kf1 Re6 32.Rc2 Kd6 33.Re2 Rh6
34.Re8 Kd7 35.Ra8 Re6 36.Ra7+ Ke8 37.b3 Kf8 38.f4 Rc6 39.Ke1 h5 40.Kd2
g6 41.Kd3 Kg7 42.b4 Kf6 43.a4 Ke6 44.b5 axb5 45.axb5 Rc5 46.Rb7 f6 47.b6
Rc1 48.Rg7 Rb1 49.b7 Kf5 50.Kc4 h4 51.Kc5 g5 52.fxg5 hxg3 53.hxg3 fxg5
54.Kc6 Kg4 55.Kc7 Rc1+ 56.Kd8 Rd1+ 57.Kc8 Rc1+ 58.Rc7 Rb1   1-0